00483nam a22001577a 450000500170000000800410001702000180005804100130007608200150008910000230010424500730012725000190020026000510021930000290027065000260029920240209091043.0240209b |||||||| |||| 00| 0 eng d a9780702198588 aEnglish  a340.1 BOT  aBotha, ClEnglish  aStatutory Interpretation : An introduction for Students / cBotha, C aFifth Edition  aCape Town :bJuta and Company (Pty) Ltd,c2012 bxv, 234 pages ; c25 cm. aLegal practice bLaw